Vista normal Vista MARC

Entrada Topical Term

Número de registros utilizados en: 1

001 - CONTROL NUMBER

  • control field: 61418

003 - CONTROL NUMBER IDENTIFIER

  • control field: OSt

005 - DATE AND TIME OF LATEST TRANSACTION

  • control field: 20250729095208.0

008 - FIXED-LENGTH DATA ELEMENTS

  • fixed length control field: 250729|| aca||aabn | a|a d

040 ## - CATALOGING SOURCE

  • Original cataloging agency: OSt
  • Transcribing agency: OSt

150 ## - HEADING--TOPICAL TERM

  • Topical term or geographic name entry element: Estadística criminal

670 ## - SOURCE DATA FOUND

  • Source citation: Work cat.: (OSt)57717: Aguirre Martínez, Eduardo aut 4133, Seguridad y protección :









Instituto Departamental de Cultura del Meta - Red Departamental de Bibliotecas Públicas del Meta.